| 000 | 00744nam a2200205Ia 4500 | ||
|---|---|---|---|
| 003 | GCL | ||
| 008 | 140319s9999 xx 000 0 ara d | ||
| 040 |
_aGCL / _cGCL |
||
| 082 | 0 | 4 |
_a611.44 _bح ا |
| 100 | 1 | _aحسين الدماصى | |
| 245 | 1 | 0 |
_aاضطرابات الغدة الدرقية والغدد الدريقية ( الجاردرقية ) / _cحسين الدماصى |
| 250 | _aالاولى | ||
| 260 |
_aالقاهرة : _bالسحاب للنشر والتوزيع ، _c2004 |
||
| 300 |
_a112 ص ؛ _c16 سم |
||
| 650 | 0 | 4 | _aالغدة الدرقية |
| 650 | 0 | 4 | _aالغدة الدرقية - امراض |
| 650 | 0 | 4 | _aالغدة الدرقية - اورام |
| 650 | 0 | 4 | _aالغدة الدرقية - تضخم |
| 942 |
_2ddc _cBK |
||
| 999 |
_c34778 _d34778 |
||